LIBRARY & INFORMATION CENTRE, KCAET, TAVANUR

ONLINE PUBLIC ACCESS CATALOGUE (OPAC)

Normal view MARC view
  • Srilakshmi, B .

Entry Personal Name

Number of records used in: 5

001 - CONTROL NUMBER

  • control field: 294

003 - CONTROL NUMBER IDENTIFIER

  • control field: OSt

005 - DATE AND TIME OF LATEST TRANSACTION

  • control field: 20160606142140.0

008 - FIXED-LENGTH DATA ELEMENTS

  • fixed length control field: 160606|| aca||aabn | a|a d

040 ## - CATALOGING SOURCE

  • Original cataloging agency: OSt
  • Transcribing agency: OSt

100 ## - HEADING--PERSONAL NAME

  • Personal name: Srilakshmi, B .

670 ## - SOURCE DATA FOUND

  • Source citation: Work cat.: (OSt)13530: Srilakshmi, B ., Food science / , 2008.
free website counter